00516 2200193 4500001002100000005001500021035002000036008004100056245003700097100001900134250002000153260004100173300003100214020001800245082001000263084001600273650001900289990001400308INLIS00000000000042020250604125528 a0010-0625000118250604 j 1 ind 1 aCalon Insinyur /cMohamad Sobary aMohamad Sobary aCetakan pertama aJakarta :bPT Penebar Swadaya,c2008 a54 hlm :bIlus ;c15x21 cm a979-002-268-7 a028.5 a028.5 MOH c 4aCalon Insinyur a0703/2024